000 00680nam a22001937a 4500
999 _c176273
_d176273
005 20201208154439.0
010 _aUR-10956
020 _c250.00
_a9789390100378
035 _aU-9511
037 _bDBAD/PUB
082 _a840.08
100 _aسا جد جلا ل پو ر ی
245 _aر نگ ر نگ کے شا عر
_cسا جد جلا ل پو ر ی
246 _bRang Rang Ke Shair (Urdu)
_aby Sajid Jalal Puri
260 _aN.Delhi
_bEducational Publishing House
_c2020 ء
270 _aH.O.D1/16,Ansari Road,Darya ganj,
_bN.Delhi
_e110002
_k45678285,23216162
_l0091-11-23211540
300 _a224 ص
_c22 Cm(Hb)
942 _2ddc
_cUR
_h840.08
_mس ا ج